000 00909nam a2200229 a 4500
001 12904
003 BD-JhCC
005 20230601125559.0
008 230601s2021 b ||||| |||| 000 0 b d
020 _a9789842006333
035 _a(BD-JhCC)12904
040 _aBD-JhCC
_dBD-JhCC
041 _aben
082 _a651.05
_bRAH 2021
100 _aরহমান, প্রকৌশলী মোহাম্মদ হাফিজুর
245 _aপেশায় উত্তরণে ব্যবস্থাপনা দক্ষতা /
_cপ্রকৌশলী মোহাম্মদ হাফিজুর রহমান
260 _aঢাকা :
_bঅ্যার্ডন পাবলিকেশন,
_c২০২১
300 _a৪৪৫ পৃ. :
_c২২ সেমি.
504 _aনির্ঘন্ট সংযোজিত,
650 _aOffice management
942 _2ddc
_cBK
999 _c12904
_d12904